[Event "9. Boris Kostic Memorial"]
[Site "9. Boris Kostic mem"]
[Date "1981.??.??"]
[Round "8"]
[White "Kurajica, Bojan"]
[Black "Sax, Gyula"]
[Result "1/2-1/2"]
[WhiteElo "2495"]
[BlackElo "2560"]
[PlyCount "26"]
[EventDate "1981.??.??"]
[Source "www.chesslib.no"]
[SourceDate "2004.05.04"]

1. d4 d5 2. c4 e6 3. Nc3 Nf6 4. g3 g6 5. Bg2 Bg7 6. Nf3 O-O 7. O-O c6 8. Bg5 Qb6 9. Qc2 Nbd7 10. c5 Qc7 11. Rad1 b6 12. cxb6 axb6 13. h4 Bb7 1/2-1/2

[Event "URS Spartakiad"]
[Site "URS"]
[Date "1979.??.??"]
[Round "?"]
[White "Kochyev, Alexander"]
[Black "Gurgenidze, Bukhuti"]
[Result "1-0"]
[WhiteElo "2545"]
[BlackElo "2505"]
[PlyCount "82"]
[EventDate "1979.??.??"]
[Source "ChessBase"]

1. Nf3 Nf6 2. c4 e6 3. g3 Nc6 4. Bg2 Rb8 5. Nc3 a6 6. O-O b5 7. b3 Be7 8. d4 O-O 9. e3 bxc4 10. bxc4 Na5 11. Qd3 c5 12. d5 d6 13. Bd2 Rb4 14. Nd1 Rb8 15. e4 exd5 16. exd5 Nd7 17. Ne3 Bf6 18. Rab1 Rxb1 19. Rxb1 Nb7 20. Qa3 Nb8 21. h4 Re8 22. Kh2 Qe7 23. Re1 Qd8 24. Bh3 Bxh3 25. Kxh3 Bd4 26. Kg2 Bxe3 27. Bxe3 f6 28. Rb1 Qc7 29. Qa4 Rc8 30. Bf4 Kf8 31. Qb3 Na5 32. Qc3 Nb7 33. h5 Nd8 34. h6 Nf7 35. hxg7+ Kxg7 36. Qc2 Nd7 37. Rh1 Nf8 38. Qf5 Ng6 39. Bd2 Nfe5 40. Bh6+ Kg8 41. Nxe5 Nxe5 1-0

[Event "JUG-chT"]
[Site "Herceg Novi"]
[Date "2001.05.??"]
[Round "8"]
[White "Abramovic, Bosko"]
[Black "Ivanisevic, Ivan"]
[Result "1/2-1/2"]
[WhiteElo "2487"]
[BlackElo "2560"]
[PlyCount "45"]
[EventDate "2001.05.??"]
[Source "ChessBase"]
[SourceDate "2001.07.03"]

1. d4 d5 2. c4 e6 3. Nf3 Nf6 4. g3 dxc4 5. Qa4+ Nc6 6. Qxc4 Nd7 7. Bg5 Be7 8. Bxe7 Qxe7 9. Bg2 e5 10. dxe5 Ncxe5 11. Nxe5 Qxe5 12. Qc3 O-O 13. Qxe5 Nxe5 14. Nc3 Rd8 15. Rd1 Rxd1+ 16. Kxd1 c6 17. h3 Kf8 18. Kc2 Ke7 19. b3 Be6 20. f4 Nd7 21. e4 f6 22. h4 a5 23. Bh3 1/2-1/2

[Event "Benidorm Open"]
[Site "Benidorm"]
[Date "1993.??.??"]
[Round "3"]
[White "Tukmakov, Vladimir B"]
[Black "Rodriguez, Orestes"]
[Result "1/2-1/2"]
[WhiteElo "2605"]
[BlackElo "2440"]
[PlyCount "92"]
[EventDate "1993.??.??"]
[Source "www.chesslib.no"]
[SourceDate "2004.05.04"]

1. d4 d5 2. c4 e6 3. Nf3 Nf6 4. g3 c6 5. Bg2 dxc4 6. Ne5 Nfd7 7. Nxc4 b5 8. Nca3 a6 9. O-O Be7 10. Nc2 Ra7 11. a4 Nb6 12. Bf4 Bd6 13. Bxd6 Qxd6 14. axb5 cxb5 15. Nc3 Qe7 16. d5 Nxd5 17. Nxd5 exd5 18. Qd4 O-O 19. Nb4 Rd7 20. Nxd5 Qe6 21. Qc5 Bb7 22. Nf4 Qc4 23. Qxc4 bxc4 24. Rfc1 Bxg2 25. Kxg2 Rd2 26. Rxc4 Rxb2 27. h4 g6 28. Rc7 Rd8 29. Ra4 Rb6 30. Nd3 Rd7 31. Rc8+ Kg7 32. Re4 Nc6 33. g4 Ne7 34. Ra8 f5 35. Nc5 fxe4 36. Nxd7 Rb2 37. e3 h5 38. Rxa6 hxg4 39. Ne5 g3 40. Kxg3 Nf5+ 41. Kh3 Rxf2 42. Rxg6+ Kh7 43. Rg4 Re2 44. Nc4 Nxe3 45. Rxe4 Nd5 46. Rd4 Nf6 1/2-1/2

[Event "NED Team Ch 9495"]
[Site "NED"]
[Date "1994.??.??"]
[Round "5"]
[White "Scheeren, Peter"]
[Black "Van der Sterren, Paul"]
[Result "1-0"]
[WhiteElo "2435"]
[BlackElo "2605"]
[PlyCount "79"]
[EventDate "1994.??.??"]
[Source "www.chesslib.no"]
[SourceDate "2004.05.04"]

1. d4 Nf6 2. c4 e6 3. Nf3 d5 4. g3 c6 5. Bg2 Nbd7 6. O-O dxc4 7. Qc2 b5 8. b3 cxb3 9. Qxc6 b2 10. Bxb2 Rb8 11. Nbd2 Bb7 12. Qc2 Be7 13. a4 b4 14. a5 O-O 15. Rfc1 Rc8 16. Qa4 a6 17. Ne1 Bxg2 18. Nxg2 Nb8 19. Rxc8 Qxc8 20. Rc1 Qb7 21. Qc2 Qb5 22. Nb3 Qa4 23. Nf4 Nc6 24. Qxc6 Qxb3 25. Nd3 Bd8 26. Qxa6 Qa4 27. Qc4 Qxa5 28. Nxb4 Qh5 29. Kg2 Nd5 30. e4 Nxb4 31. Qxb4 Qe2 32. Re1 Qa6 33. d5 Ba5 34. Qa4 Qb7 35. Qd4 f6 36. Ra1 e5 37. Qe3 Qxb2 38. Rxa5 Qb4 39. Ra7 Qc4 40. d6 1-0